LDR 00727naa#a2200229#i#450# 001 EN\\bibl\110600 005 20260415200655.3 011 ## _a2311-1402 100 ## _a20250325b2025####ek#y0engy0150####ca 101 0# _aRUS 102 ## _aRU 200 1# _aInfluence of bacterial biofertilizer on morphophysiological indicators of mustard under salt stress _eJournal article 210 1# _aNizhnevartovsk _cNizhnevartovsk State University _d2025 215 ## _a10 с. 608 ## _aJournal article _2local 675 ## _a. 579.64: 631.871 _zRUS 700 #1 _aBorisova _gGalina G. 700 #1 _aAvramenko _gAnastasia V. 700 #1 _aTugbaeva _gAnastasia S. 700 #1 _aSobenin _gArtem V. 700 #1 _aMaleva _gMaria G. 856 4# _afilvestnik.nvsu.ru _u